Το νόμισμα
Αποθηκεύτηκε σε:
| Κύριος συγγραφέας: | |
|---|---|
| Μορφή: | Βιβλίο |
| Γλώσσα: | Greek |
| Δημοσίευση: |
Αθήνα :
Ένωση Ελληνικών Τραπεζών,
1996.
|
| Σειρά: | Ιατορική βιβλιοθήκη (Ένωση Ελληνικών Τραπεζών)
1 |
| Θέματα: | |
| Ετικέτες: |
Προσθήκη ετικέτας
Δεν υπάρχουν, Καταχωρήστε ετικέτα πρώτοι!
|
MARC
| LEADER | 00000cam a2200000 i 4500 | ||
|---|---|---|---|
| 001 | 1/8713 | ||
| 008 | 961120s1996 gr | ||| |||| | gre|| | ||
| 035 | |l 10017207 | ||
| 040 | |a GR-MyUa |b gre |e AACR2 | ||
| 041 | 0 | |a gre | |
| 082 | 7 | |a 332.4042 |2 (22) | |
| 100 | 1 | |a Κατσελίδης, Γεώργιος. | |
| 245 | 1 | 3 | |a Το νόμισμα / |c Γεωργίου Κατσελίδου. |
| 260 | |a Αθήνα : |b Ένωση Ελληνικών Τραπεζών, |c 1996. | ||
| 300 | |a 352 σ. ; | ||
| 490 | 1 | |a (Ιστορική βιβλιοθήκη / Ένωση Ελληνικών Τραπεζών ; |v 1) | |
| 500 | |a Επανέκδοση της έκδοσης της Εστίας του 1902. | ||
| 650 | 0 | |a Coins, Greek. | |
| 650 | 0 | |a Coins |x History. | |
| 830 | 0 | |a Ιατορική βιβλιοθήκη (Ένωση Ελληνικών Τραπεζών) |v 1 | |
| 852 | |a INST |b LESVOS |e 19961120 |h 332.4042 KAT |p 005100012450 |q 005100012450 |t BK |y 0 | ||
| 922 | |a 1ΕΛΗ |b 199611 | ||